Η εικονογραφία της Ρώμης στην αρχαία τέχνη
Αποθηκεύτηκε σε:
| Κύριος συγγραφέας: | |
|---|---|
| Μορφή: | Βιβλίο |
| Γλώσσα: | Greek |
| Δημοσίευση: |
Θεσσαλονίκη :
University Studio Press,
2003
|
| Θέματα: | |
| Ετικέτες: |
Προσθήκη ετικέτας
Δεν υπάρχουν, Καταχωρήστε ετικέτα πρώτοι!
|
MARC
| LEADER | 00000cam a2200000 i 4500 | ||
|---|---|---|---|
| 001 | 1/46230 | ||
| 008 | 070614s2003 gre d | ||
| 020 | |a 960-12-1215-9 | ||
| 035 | |l 10088321 | ||
| 040 | |a GR-MY-UA |b gre |e aacr | ||
| 041 | 0 | |a gre |b eng | |
| 082 | 0 | |a 704.949 |2 (22) | |
| 100 | 1 | |a Γούναρη, Εμμανουέλα Γ. | |
| 245 | 1 | 2 | |a Η εικονογραφία της Ρώμης στην αρχαία τέχνη / |c Εμμανουέλα Γ. Γούναρη |
| 260 | |a Θεσσαλονίκη : |b University Studio Press, |c 2003 | ||
| 300 | |a 358 σ.; |b εικ.; |c 28 εκ. | ||
| 500 | |a Το βιβλίο βασίζεται στη διδακτορική διατριβή της συγγραφέως που πραγματοποιήθηκς στο Αριστοτέλειο Πανεπιστήμιο Θεσσαλονίκης, Τμήμα Ιστορίας και Αρχαιολογίας το 2001 | ||
| 500 | |a Περιέχει περίληψη στα αγγλικά | ||
| 504 | |a Περιλαμβάνει βιβλιογραφικές παραπομπές και ευρετήριο | ||
| 650 | 0 | 0 | |a Art |x History. |
| 650 | 0 | 0 | |a Roma (Roman deity) |x Art. |
| 650 | 0 | 0 | |a Goddesses, Roman |x Art. |
| 650 | 0 | 0 | |a Art, Greek |x Themes, motives. |
| 650 | 0 | 0 | |a Art, Hellenistic |x Themes, motives. |
| 852 | |a INST |b LESVOS |e 20070614 |h 704.949 ΓΟΥ |p 005100038075 |q 005100038075 |t BK |y 0 | ||
| 852 | |a INST |b LESVOS |e 20101130 |h 704.949 ΓΟΥ |p 005100049530 |q 005100049530 |t BK |y 0 | ||
| 852 | |a INST |b RHODES |e 20070911 |h 704.949 ΓΟΥ |p 005400025731 |q 005400025731 |t BK |y 0 | ||
| 901 | |a BIBL1-2007-2 | ||
| 901 | |a BIBL1-2010-3 | ||
| 909 | |a Λ |b 135078 | ||
| 909 | |a Ρ |b 13611 | ||
| 909 | |a Λ |b 165096 | ||
| 922 | |a 1ΕΛΗ |b 200705 |c ΕΠΕΑΕΚ2/ΤΚΑ |d Σ. ΠΑΤΑΚΗΣ | ||
| 922 | |a 4ΕΛΗ |b 200707 |c ΕΠΕΑΕΚ2/ΤΜΣ |d Σ. ΠΑΤΑΚΗΣ | ||
| 970 | |a ΚΑΡΑ |b ΓΙΑΣΕΜΗ |z 2007/06/14 | ||